An Introduction to language / (Record no. 555)

000 -LEADER
fixed length control field 00925cam a2200289 a 4500
001 - CONTROL NUMBER
control field 15845735
003 - CONTROL NUMBER IDENTIFIER
control field OSt
005 - DATE AND TIME OF LATEST TRANSACTION
control field 20140116120831.0
008 - FIXED-LENGTH DATA ELEMENTS--GENERAL INFORMATION
fixed length control field 090731s2009 maua b 001 0 eng
010 ## - LIBRARY OF CONGRESS CONTROL NUMBER
LC control number 2009933945
020 ## - INTERNATIONAL STANDARD BOOK NUMBER
International Standard Book Number 9781439082416
040 ## - CATALOGING SOURCE
Transcribing agency DLC
Modifying agency DLC
050 00 - LIBRARY OF CONGRESS CALL NUMBER
Classification number P107.F76 2011
100 1# - MAIN ENTRY--PERSONAL NAME
Personal name Fromkin, Victoria.
245 13 - TITLE STATEMENT
Title An Introduction to language /
Statement of responsibility, etc Victoria Fromkin, Robert Rodman and Nina Hyams.
250 ## - EDITION STATEMENT
Edition statement 9th ed.
260 ## - PUBLICATION, DISTRIBUTION, ETC. (IMPRINT)
Place of publication, distribution, etc Australia :
Name of publisher, distributor, etc Wadsworth Cengage Learning,
Date of publication, distribution, etc 2011.
300 ## - PHYSICAL DESCRIPTION
Extent xx, 619 p. :
Other physical details ill.
504 ## - BIBLIOGRAPHY, ETC. NOTE
Bibliography, etc Includes bibliographical references and index.
650 #0 - SUBJECT ADDED ENTRY--TOPICAL TERM
Topical term or geographic name as entry element Language and languages.
650 #0 - SUBJECT ADDED ENTRY--TOPICAL TERM
Topical term or geographic name as entry element Linguistics.
700 1# - ADDED ENTRY--PERSONAL NAME
Personal name Rodman, Robert.
700 1# - ADDED ENTRY--PERSONAL NAME
Personal name Hyams, Nina M.
906 ## - LOCAL DATA ELEMENT F, LDF (RLIN)
a 7
b cbc
c orignew
d 2
e epcn
f 20
g y-gencatlg
942 ## - ADDED ENTRY ELEMENTS (KOHA)
Source of classification or shelving scheme
Koha item type Book
Holdings
Withdrawn status Lost status Source of classification or shelving scheme Damaged status Not for loan Home library Current library Date acquired Source of acquisition Total Checkouts Full call number Barcode Date last seen Date checked out Copy number Price effective from Koha item type Total Renewals
          Riara University Library Riara University Library 24/10/2011 Purchase 4 P106.F76 2011 1359/11 07/07/2015 02/06/2015 C.1 24/10/2011 Book  
          Riara University Library Riara University Library 24/10/2011 Purchase   P106.F76 2011 1360/11 13/04/2015   C.2 24/10/2011 Book  
          Riara University Library Riara University Library 24/10/2011 Purchase 4 P106.F76 2011 1358/11 26/03/2015 17/03/2015 C.3 24/10/2011 Book 2
          Riara University Library Riara University Library 28/10/2011 Purchase 7 P106.F76 2011 1371/11 10/04/2015 30/03/2015 C.4 28/10/2011 Book 4
          Riara University Library Riara University Library 28/10/2011 Purchase 4 P106.F76 2011 1372/11 10/04/2015 26/03/2015 C.5 28/10/2011 Book 2
          Riara University Library Riara University Library 28/10/2011 Purchase 9 P106.F76 2011 1373/11 10/08/2016 22/07/2016 C.6 28/10/2011 Book 2

Riara University Library,
P.O. Box 49940-00100,
Nairobi, Kenya.